Heat transfer (Record no. 157588)
[ view plain ]
| 000 -LEADER | |
|---|---|
| fixed length control field | 00377nam a2200157Ia 4500 |
| 008 - FIXED-LENGTH DATA ELEMENTS--GENERAL INFORMATION | |
| fixed length control field | 230917s9999||||xx |||||||||||||| ||und|| |
| 040 ## - CATALOGING SOURCE | |
| -- | 195116 |
| Original cataloging agency | VIVEKANANDA LIBRARY |
| 041 ## - Language | |
| -- | English |
| 082 ## - DDC NUMBER | |
| Classification number | 621.4022 M624H(2) |
| 100 ## - MAIN ENTRY--PERSONAL NAME | |
| Personal name | Mills, A F |
| 245 #0 - TITLE STATEMENT | |
| Title | Heat transfer |
| 250 ## - EDITION STATEMENT | |
| Edition statement | 2nd ed. |
| 260 ## - PUBLICATION, DISTRIBUTION, ETC. (IMPRINT) | |
| Place of publication, distribution, etc | New Delhi |
| Name of publisher, distributor, etc | Pearson Education |
| Date of publication, distribution, etc | 2009 |
| 300 ## - PHYSICAL DESCRIPTION | |
| Pages | xxii, 878 p. |
| 942 ## - ADDED ENTRY ELEMENTS (KOHA) | |
| Koha item type | Books |
| Withdrawn status | Lost status | Damaged status | Not for loan | Location (home branch) | Sublocation or collection (holding branch) | Shelving location | Date acquired | Koha issues (times borrowed) | Koha full call number | Accession No. | Koha date last seen | Koha item type |
|---|---|---|---|---|---|---|---|---|---|---|---|---|
| VIVEKANANDA LIBRARY | VIVEKANANDA LIBRARY | UIET Library | 22/12/2011 | 1 | 621.4022 M624H(2) | 287814 | 28/05/2024 | Books | ||||
| VIVEKANANDA LIBRARY | VIVEKANANDA LIBRARY | UIET Library | 22/12/2011 | 621.4022 M624H(2) | 287815 | 17/09/2023 | Books | |||||
| VIVEKANANDA LIBRARY | VIVEKANANDA LIBRARY | UIET Library | 22/12/2011 | 621.4022 M624H(2) | 287816 | 17/09/2023 | Books | |||||
| VIVEKANANDA LIBRARY | VIVEKANANDA LIBRARY | UIET Library | 22/12/2011 | 1 | 621.4022 M624H(2) | 287817 | 14/10/2023 | Books | ||||
| VIVEKANANDA LIBRARY | VIVEKANANDA LIBRARY | UIET Library | 22/12/2011 | 1 | 621.4022 M624H(2) | 287818 | 02/05/2024 | Books | ||||
| VIVEKANANDA LIBRARY | VIVEKANANDA LIBRARY | UIET Library | 22/12/2011 | 621.4022 M624H(2) | 326003 | 17/09/2023 | Books | |||||
| VIVEKANANDA LIBRARY | VIVEKANANDA LIBRARY | UIET Library | 22/12/2011 | 1 | 621.4022 M624H(2) | 326004 | 28/10/2025 | Books | ||||
| VIVEKANANDA LIBRARY | VIVEKANANDA LIBRARY | UIET Library | 22/12/2011 | 621.4022 M624H(2) | 326005 | 17/09/2023 | Books | |||||
| VIVEKANANDA LIBRARY | VIVEKANANDA LIBRARY | UIET Library | 22/12/2011 | 621.4022 M624H(2) | 326006 | 17/09/2023 | Books | |||||
| VIVEKANANDA LIBRARY | VIVEKANANDA LIBRARY | UIET Library | 22/12/2011 | 621.4022 M624H(2) | 326007 | 17/09/2023 | Books |
